|
|
|
|
| LEADER |
00000nab a2200000 a 4500 |
| 001 |
vtls000896635 |
| 003 |
SK-MaSNL |
| 005 |
20260303194958.0 |
| 008 |
190318e19971203xo 0 slo |
| 035 |
|
|
|a KE5659
|
| 040 |
|
|
|a KEVKJB
|b slo
|c KEVKJB
|e AACR2
|
| 041 |
0 |
|
|a slo
|
| 044 |
|
|
|a xo
|c SK
|
| 080 |
|
|
|a 796.3
|2 1981
|
| 100 |
1 |
|
|a Vrtiš, Ján
|4 aut
|9 877638
|
| 245 |
1 |
0 |
|a Za viac peňazí menej muziky
|b Železničiarsky "zlepenec" ostal dlžný svojej povesti - najmä na súperových ihriskách
|
| 300 |
|
|
|b 2 foto
|
| 610 |
2 |
7 |
|a Lokomotíva Košice (Slovensko)
|2 KEVKJB
|9 851005
|
| 650 |
0 |
7 |
|a futbal
|2 KEVKJB
|9 3291
|
| 650 |
0 |
7 |
|a sezóna futbalová
|2 KEVKJB
|9 873451
|
| 651 |
|
7 |
|a Košice (Slovensko)
|2 KEVKJB
|9 18694
|
| 651 |
|
7 |
|a KE,
|2 KEVKJB
|9 877256
|
| 655 |
|
7 |
|a periodikum
|2 snkbucl
|9 29553
|
| 710 |
2 |
|
|a Lokomotíva Košice (Slovensko)
|4 aut
|9 851005
|
| 773 |
0 |
8 |
|t Košický večer
|g Roč. 8
|g Roč. 29, č.234, 3.12.1997, s. 11
|
| 852 |
|
|
|a ZVYKNI
|b KIS3GCP
|
| 999 |
|
|
|c 2160434
|d 2162364
|